Hanno Ucciso L’Uomo Ragno - 883 - Testo Completo - Statistics

Statistiche generali
  • Questo quiz è stato fatto 163 volte
  • Il punteggio medio è 276 su 334
Statistiche sulle risposte
Risposta % Corretto
a
99%
del
98%
la
98%
Ma
98%
Chi
97%
chi
97%
Forse
97%
forse
97%
hanno
97%
Hanno
97%
i
97%
l'Uomo
97%
non
97%
Non
97%
pubblicità
97%
Ragno
97%
sa
97%
si
97%
sì,
97%
stato
97%
ucciso
97%
Quel
96%
della
95%
sia
95%
sia"
95%
di
94%
Il
94%
il
94%
quelli
94%
e
93%
è
93%
E
93%
in
93%
mala,
93%
mala
93%
fa
92%
Per
92%
per
92%
caffè
91%
neanche
91%
perché
91%
industria
90%
nel
90%
Nel
90%
qualche
90%
Avrà
89%
da
89%
fatto
89%
un
89%
notte
88%
che
86%
"Che
86%
Bronx
85%
al
83%
bar
83%
lupi
83%
Solita
83%
sgarro
82%
o
79%
bancone
78%
cannoni
78%
degli
78%
porta
78%
tratto
78%
tu
78%
una
78%
locale
77%
suonando
77%
whisky
77%
"bang"
76%
Stones
76%
stan
75%
Tutto
75%
blues
74%
ad
73%
con
73%
mormora
73%
novità
73%
Pieni
73%
pieni
73%
volete
73%
dice:
72%
c'è
71%
polizia
71%
ci
70%
Loschi
70%
Alla
69%
alla
69%
centrale
68%
individui
68%
strade
67%
corsa
66%
commissario
65%
crimine
65%
entra
65%
successo
65%
vincerà
65%
nelle
64%
margaridas
63%
ormai
63%
panico
63%
sicura,
63%
fermerà
62%
Nessuno
60%
nessuno
60%
vuole
59%
casa,
58%
esce
58%
guai
58%
più
58%
"slam"
55%
Dritta
54%
crede
52%
Se
52%
TV
52%
le
51%
Giù
50%
guercio
50%
ti
49%
Adesso
48%
gli
48%
mi
48%
poco
45%
vedono
45%
cento
44%
lire
44%
calma
43%
appelli
42%
doppio
41%
petto
41%
stress
41%
gangs
40%
noi
40%
eroi
38%
lui,
38%
lui
38%
star
38%
venderai
38%
vendo,
38%
agli
37%
era
37%
ragionieri
35%
sono
35%
unici
35%
ritornerà
34%
Ed
33%
facce
33%
miti
32%
Attori
31%
Invece
31%
tanto
31%
belli
30%
troppo
30%
Vogue
24%
Nessun quiz corrispondente trovato
Distribuzione punteggi
Percentuale di utenti per punteggio
Percentile per numero di risposta
I tuoi punteggi nel tempo
Non hai fatto questo quiz